[Event "DVM U20w 2020"]
[Site "Willingen GER"]
[Date "2021.06.26"]
[Round "5"]
[White "Riegel, Arinna"]
[Black "Peglau, Charis"]
[Result "0-1"]
[Termination "normal"]
[Board "2.4"]
[WhiteElo "1881"]
[BlackElo "1726"]
[WhiteClock "00:14:20"]
[BlackClock "00:18:58"]
[WhiteTeam "SK Langen"]
[BlackTeam "Schachzentrum Seeblick e. V."]
[PlyCount "106"]
[WhiteFideId "12931446"]
[BlackFideId "16219996"]
[EventCountry "GER"]
[EventRounds "7"]
[EventType "team-swiss"]
[EventDate "2021.06.23"]

1. d4 {[%clk 01:30:54]} {[%emt 00:00:06]} d5 {[%clk 01:30:55]} {[%emt
00:00:06]} 2. Nf3 {[%clk 01:31:12]} {[%emt 00:00:12]} Nf6 {[%clk 01:31:17]}
{[%emt 00:00:07]} 3. g3 {[%clk 01:31:37]} {[%emt 00:00:05]} g6 {[%clk
01:31:19]} {[%emt 00:00:28]} 4. Bg2 {[%clk 01:31:49]} {[%emt 00:00:18]} Bg7
{[%clk 01:31:24]} {[%emt 00:00:25]} 5. O-O {[%clk 01:31:27]} {[%emt 00:00:52]}
O-O {[%clk 01:31:40]} {[%emt 00:00:15]} 6. Bf4 {[%clk 01:29:23]} {[%emt
00:02:34]} Bf5 {[%clk 01:31:01]} {[%emt 00:01:09]} 7. c3 {[%clk 01:25:33]}
{[%emt 00:04:20]} c6 {[%clk 01:29:40]} {[%emt 00:01:51]} 8. Nbd2 {[%clk
01:17:15]} {[%emt 00:08:48]} Qb6 {[%clk 01:19:58]} {[%emt 00:10:12]} 9. Qb3
{[%clk 01:15:05]} {[%emt 00:02:40]} Nbd7 {[%clk 01:16:36]} {[%emt 00:03:51]}
10. Ne5 {[%clk 00:56:16]} {[%emt 00:19:20]} Nh5 {[%clk 01:09:17]} {[%emt
00:07:49]} 11. Nxd7 {[%clk 00:52:40]} {[%emt 00:04:05]} Bxd7 {[%clk 01:08:49]}
{[%emt 00:00:59]} 12. Be3 {[%clk 00:45:36]} {[%emt 00:07:35]} Qc7 {[%clk
00:53:23]} {[%emt 00:15:55]} 13. Nf3 {[%clk 00:44:46]} {[%emt 00:01:19]} b6
{[%clk 00:49:38]} {[%emt 00:04:15]} 14. Rfe1 {[%emt 00:19:30]} f5 {[%clk
00:40:39]} 15. Bg5 {[%clk 00:32:28]} {[%emt 00:03:18]} Rae8 {[%clk 00:36:53]}
{[%emt 00:04:16]} 16. e4 {[%clk 00:27:17]} {[%emt 00:05:41]} fxe4 {[%clk
00:25:37]} {[%emt 00:11:46]} 17. Rxe4 {[%clk 00:26:50]} {[%emt 00:00:56]} Bf5
{[%clk 00:25:46]} {[%emt 00:00:22]} 18. Ree1 {[%clk 00:20:25]} {[%emt
00:06:55]} h6 {[%clk 00:21:40]} {[%emt 00:04:36]} 19. Bd2 {[%clk 00:18:51]}
{[%emt 00:02:04]} Kh7 {[%clk 00:21:22]} {[%emt 00:00:48]} 20. Ne5 {[%clk
00:18:42]} {[%emt 00:00:39]} Nf6 {[%clk 00:18:30]} {[%emt 00:03:23]} 21. Bf4
{[%clk 00:12:18]} {[%emt 00:06:53]} g5 {[%clk 00:14:25]} {[%emt 00:04:34]} 22.
Be3 {[%clk 00:12:31]} {[%emt 00:00:18]} Nd7 {[%clk 00:12:38]} {[%emt 00:02:17]}
23. Nxd7 {[%clk 00:10:35]} {[%emt 00:02:26]} Bxd7 {[%clk 00:10:40]} {[%emt
00:02:28]} 24. Qc2+ {[%clk 00:10:29]} {[%emt 00:00:36]} Bf5 {[%clk 00:11:04]}
{[%emt 00:00:07]} 25. Qe2 {[%clk 00:10:33]} {[%emt 00:00:25]} e5 {[%clk
00:10:59]} {[%emt 00:00:35]} 26. dxe5 {[%clk 00:10:11]} {[%emt 00:00:52]} Bxe5
{[%clk 00:11:13]} {[%emt 00:00:16]} 27. Qd2 {[%clk 00:10:37]} {[%emt 00:00:04]}
Qg7 {[%clk 00:10:57]} {[%emt 00:00:46]} 28. Rad1 {[%clk 00:09:45]} {[%emt
00:01:22]} Qf7 {[%clk 00:09:29]} {[%emt 00:01:57]} 29. Bd4 {[%clk 00:08:02]}
{[%emt 00:02:13]} Bxd4 {[%clk 00:09:36]} {[%emt 00:00:24]} 30. Qxd4 {[%clk
00:08:21]} {[%emt 00:00:11]} Bg6 {[%clk 00:09:48]} {[%emt 00:00:18]} 31. c4
{[%clk 00:06:50]} {[%emt 00:02:01]} c5 {[%clk 00:08:38]} {[%emt 00:01:40]} 32.
Qd2 {[%clk 00:07:14]} {[%emt 00:00:06]} d4 {[%clk 00:08:49]} {[%emt 00:00:19]}
33. Bd5 {[%clk 00:07:25]} {[%emt 00:00:19]} Qf6 {[%clk 00:08:57]} {[%emt
00:00:22]} 34. Rf1 {[%clk 00:03:30]} {[%emt 00:04:25]} Re5 {[%clk 00:04:32]}
{[%emt 00:04:55]} 35. Rde1 {[%clk 00:02:43]} {[%emt 00:01:16]} Rfe8 {[%clk
00:04:03]} {[%emt 00:01:00]} 36. Rxe5 {[%clk 00:00:49]} {[%emt 00:02:24]} Qxe5
{[%clk 00:04:58]} {[%emt 00:00:05]} 37. Bf3 {[%clk 00:00:52]} {[%emt 00:00:56]}
Qf5 {[%clk 00:03:19]} {[%emt 00:02:10]} 38. Kg2 {[%clk 00:01:04]} {[%emt
00:00:18]} g4 {[%clk 00:02:26]} {[%emt 00:01:24]} 39. Bd5 {[%clk 00:00:39]}
{[%emt 00:00:54]} Qe5 {[%clk 00:02:36]} {[%emt 00:00:20]} 40. Bc6 {[%clk
00:00:37]} {[%emt 00:00:32]} Be4+ {[%clk 00:02:00]} {[%emt 00:01:06]} 41. Bxe4+
{[%clk 00:00:40]} {[%emt 00:00:27]} Qxe4+ {[%clk 00:02:27]} {[%emt 00:00:03]}
42. Kg1 {[%clk 00:00:53]} {[%emt 00:00:17]} Kg6 {[%clk 00:01:44]} {[%emt
00:01:13]} 43. b3 {[%clk 00:00:33]} {[%emt 00:00:49]} h5 {[%clk 00:01:46]}
{[%emt 00:00:28]} 44. Rd1 {[%clk 00:29:53]} {[%emt 00:01:09]} Re6 {[%clk
00:31:17]} {[%emt 00:01:00]} 45. Rf1 {[%clk 00:26:16]} {[%emt 00:04:07]} Re5
{[%clk 00:21:34]} {[%emt 00:10:14]} 46. Rd1 {[%clk 00:24:42]} {[%emt 00:02:03]}
Qe2 {[%clk 00:19:41]} {[%emt 00:02:24]} 47. Qd3+ {[%clk 00:19:37]} {[%emt
00:05:33]} Qxd3 {[%clk 00:20:03]} {[%emt 00:00:09]} 48. Rxd3 {[%clk 00:19:58]}
{[%emt 00:00:09]} Re2 {[%clk 00:20:26]} {[%emt 00:00:07]} 49. a3 {[%clk
00:20:18]} {[%emt 00:00:11]} Kf5 {[%clk 00:19:34]} {[%emt 00:01:22]} 50. Kf1
{[%clk 00:14:14]} {[%emt 00:06:33]} Ra2 {[%clk 00:19:16]} {[%emt 00:00:49]} 51.
a4 {[%clk 00:13:32]} {[%emt 00:01:13]} Ke4 {[%clk 00:19:06]} {[%emt 00:00:39]}
52. Rd1 {[%clk 00:13:56]} {[%emt 00:00:06]} Rb2 {[%clk 00:18:42]} {[%emt
00:00:54]} 53. Re1+ {[%clk 00:14:20]} {[%emt 00:00:06]} Kf3 {[%clk 00:18:58]}
{[%emt 00:00:14]} 0-1

[Event "DVM U20w 2020"]
[Site "Willingen GER"]
[Date "2021.06.26"]
[Round "5"]
[White "Doll, Rebecca"]
[Black "Wagner, Margarethe"]
[Result "1/2-1/2"]
[Termination "normal"]
[Board "3.1"]
[WhiteElo "1762"]
[BlackElo "1841"]
[WhiteClock "00:08:18"]
[BlackClock "00:03:22"]
[WhiteTeam "OSG Baden-Baden"]
[BlackTeam "Erfurter Schachklub"]
[PlyCount "114"]
[WhiteFideId "16236890"]
[BlackFideId "16236947"]
[EventCountry "GER"]
[EventRounds "7"]
[EventType "team-swiss"]
[EventDate "2021.06.23"]

1. e4 {[%clk 01:30:56]} {[%emt 00:00:03]} c5 {[%clk 01:30:54]} {[%emt
00:00:06]} 2. Nf3 {[%clk 01:31:23]} {[%emt 00:00:04]} d6 {[%clk 01:31:16]}
{[%emt 00:00:09]} 3. d4 {[%clk 01:31:49]} {[%emt 00:00:03]} cxd4 {[%clk
01:31:43]} {[%emt 00:00:04]} 4. Nxd4 {[%clk 01:32:13]} {[%emt 00:00:05]} Nf6
{[%clk 01:31:49]} {[%emt 00:00:24]} 5. Nc3 {[%clk 01:32:38]} {[%emt 00:00:05]}
a6 {[%clk 01:32:12]} {[%emt 00:00:07]} 6. Be2 {[%clk 01:33:05]} {[%emt
00:00:04]} e5 {[%clk 01:31:51]} {[%emt 00:00:52]} 7. Nf3 {[%clk 01:33:30]}
{[%emt 00:00:04]} Be7 {[%clk 01:31:32]} {[%emt 00:00:49]} 8. Bg5 {[%clk
01:33:55]} {[%emt 00:00:05]} Nbd7 {[%clk 01:30:13]} {[%emt 00:01:49]} 9. a4
{[%clk 01:33:55]} {[%emt 00:00:31]} b6 {[%clk 01:28:27]} {[%emt 00:02:15]} 10.
Nd2 {[%clk 01:22:23]} {[%emt 00:12:01]} Bb7 {[%clk 01:26:48]} {[%emt 00:02:09]}
11. Nc4 {[%clk 01:17:09]} {[%emt 00:05:44]} Qc7 {[%clk 01:22:21]} {[%emt
00:04:57]} 12. Bxf6 {[%clk 01:16:13]} {[%emt 00:01:26]} Nxf6 {[%clk 01:21:57]}
{[%emt 00:00:55]} 13. a5 {[%clk 01:03:56]} {[%emt 00:12:47]} b5 {[%clk
01:13:21]} {[%emt 00:09:06]} 14. Nb6 {[%clk 01:03:53]} {[%emt 00:00:31]} Rd8
{[%clk 01:09:19]} {[%emt 00:04:33]} 15. Qd3 {[%clk 01:01:34]} {[%emt 00:02:49]}
O-O {[%clk 01:04:53]} {[%emt 00:04:57]} 16. O-O {[%clk 00:59:05]} {[%emt
00:02:58]} Qc5 {[%clk 00:57:57]} {[%emt 00:07:27]} 17. Rfd1 {[%clk 00:44:35]}
{[%emt 00:14:59]} Rfe8 {[%clk 00:53:26]} {[%emt 00:05:01]} 18. b3 {[%clk
00:35:04]} {[%emt 00:10:01]} Bf8 {[%clk 00:49:27]} {[%emt 00:04:30]} 19. Ra2
{[%clk 00:26:36]} {[%emt 00:08:57]} Qd4 {[%clk 00:27:27]} {[%emt 00:22:30]} 20.
Bf3 {[%clk 00:20:05]} {[%emt 00:07:01]} Qc5 {[%clk 00:22:01]} {[%emt 00:05:57]}
21. g3 {[%clk 00:16:24]} {[%emt 00:04:11]} Kh8 {[%clk 00:21:18]} {[%emt
00:01:13]} 22. Ncd5 {[%clk 00:13:08]} {[%emt 00:03:46]} Nxd5 {[%clk 00:17:57]}
{[%emt 00:03:51]} 23. Nxd5 {[%clk 00:13:32]} {[%emt 00:00:06]} g6 {[%clk
00:16:28]} {[%emt 00:01:59]} 24. b4 {[%clk 00:11:26]} {[%emt 00:02:36]} Qc8
{[%clk 00:13:25]} {[%emt 00:03:33]} 25. Nf6 {[%clk 00:09:42]} {[%emt 00:02:14]}
Re7 {[%clk 00:12:04]} {[%emt 00:01:51]} 26. Bg4 {[%clk 00:09:52]} {[%emt
00:00:20]} Qc6 {[%clk 00:09:11]} {[%emt 00:03:22]} 27. Nd5 {[%clk 00:10:12]}
{[%emt 00:00:11]} Ree8 {[%clk 00:09:32]} {[%emt 00:00:09]} 28. Nf6 {[%clk
00:10:35]} {[%emt 00:00:07]} Re7 {[%clk 00:09:54]} {[%emt 00:00:08]} 29. Nd5
{[%clk 00:11:01]} {[%emt 00:00:03]} Ree8 {[%clk 00:10:18]} {[%emt 00:00:07]}
30. c3 {[%clk 00:08:25]} {[%emt 00:03:06]} Bg7 {[%clk 00:10:19]} {[%emt
00:00:30]} 31. Rc2 {[%clk 00:08:18]} {[%emt 00:00:36]} f5 {[%clk 00:06:36]}
{[%emt 00:04:13]} 32. exf5 {[%clk 00:05:26]} {[%emt 00:03:22]} e4 {[%clk
00:06:59]} {[%emt 00:00:07]} 33. Qe3 {[%clk 00:05:13]} {[%emt 00:00:42]} Re5
{[%clk 00:05:15]} {[%emt 00:02:15]} 34. f6 {[%clk 00:05:01]} {[%emt 00:00:42]}
Rxd5 {[%clk 00:05:15]} {[%emt 00:00:30]} 35. fxg7+ {[%clk 00:05:27]} {[%emt
00:00:04]} Kxg7 {[%clk 00:05:37]} {[%emt 00:00:08]} 36. Rxd5 {[%clk 00:05:51]}
{[%emt 00:00:06]} Qxd5 {[%clk 00:05:47]} {[%emt 00:00:20]} 37. Qd4+ {[%clk
00:06:05]} {[%emt 00:00:16]} Qxd4 {[%clk 00:02:25]} {[%emt 00:03:52]} 38. cxd4
{[%clk 00:06:30]} {[%emt 00:00:05]} Rf8 {[%clk 00:01:11]} {[%emt 00:01:44]} 39.
Bd7 {[%clk 00:03:07]} {[%emt 00:03:53]} Rf7 {[%clk 00:00:59]} {[%emt 00:00:42]}
40. Bc8 {[%clk 00:03:25]} {[%emt 00:00:11]} Bd5 {[%clk 00:00:46]} {[%emt
00:00:43]} 41. Bxa6 {[%clk 00:03:37]} {[%emt 00:00:18]} Bc4 {[%clk 00:29:55]}
{[%emt 00:01:22]} 42. Bc8 {[%clk 00:24:09]} {[%emt 00:09:58]} Rf3 {[%clk
00:21:30]} {[%emt 00:08:55]} 43. Rc1 {[%clk 00:15:24]} {[%emt 00:09:15]} Ra3
{[%clk 00:17:20]} {[%emt 00:04:39]} 44. Bh3 {[%clk 00:12:53]} {[%emt 00:03:00]}
Ra4 {[%clk 00:14:16]} {[%emt 00:03:35]} 45. Bf1 {[%clk 00:07:31]} {[%emt
00:05:53]} Rxb4 {[%clk 00:12:07]} {[%emt 00:02:39]} 46. Ra1 {[%clk 00:07:44]}
{[%emt 00:00:16]} Bd5 {[%clk 00:11:46]} {[%emt 00:00:52]} 47. a6 {[%clk
00:07:35]} {[%emt 00:00:38]} Ra4 {[%clk 00:06:38]} {[%emt 00:05:39]} 48. Rxa4
{[%clk 00:08:00]} {[%emt 00:00:05]} bxa4 {[%clk 00:07:05]} {[%emt 00:00:03]}
49. a7 {[%clk 00:08:19]} {[%emt 00:00:10]} Kf6 {[%clk 00:06:17]} {[%emt
00:01:18]} 50. Bc4 {[%clk 00:08:10]} {[%emt 00:00:39]} Ba8 {[%clk 00:06:15]}
{[%emt 00:00:33]} 51. Kf1 {[%clk 00:08:19]} {[%emt 00:00:20]} d5 {[%clk
00:04:54]} {[%emt 00:01:51]} 52. Ba2 {[%clk 00:08:45]} {[%emt 00:00:04]} Ke7
{[%clk 00:05:13]} {[%emt 00:00:12]} 53. Ke2 {[%clk 00:08:34]} {[%emt 00:00:41]}
g5 {[%clk 00:03:50]} {[%emt 00:01:52]} 54. h3 {[%clk 00:07:57]} {[%emt
00:01:07]} Kd6 {[%clk 00:03:39]} {[%emt 00:00:42]} 55. Kd2 {[%clk 00:08:03]}
{[%emt 00:00:24]} Kc6 {[%clk 00:03:37]} {[%emt 00:00:32]} 56. Kc3 {[%clk
00:08:21]} {[%emt 00:00:12]} Kb5 {[%clk 00:03:19]} {[%emt 00:00:48]} 57. Bb1
{[%clk 00:08:18]} {[%emt 00:00:32]} Bb7 {[%clk 00:03:22]} {[%emt 00:00:27]}
1/2-1/2

[Event "DVM U20w 2020"]
[Site "Willingen GER"]
[Date "2021.06.26"]
[Round "5"]
[White "Schneider, Anna"]
[Black "Krömer, Paulina"]
[Result "0-1"]
[Termination "normal"]
[Board "3.3"]
[WhiteElo "1714"]
[BlackElo "1539"]
[WhiteClock "00:21:02"]
[BlackClock "00:23:47"]
[WhiteTeam "OSG Baden-Baden"]
[BlackTeam "Erfurter Schachklub"]
[PlyCount "142"]
[WhiteFideId "16200527"]
[BlackFideId "16212363"]
[EventCountry "GER"]
[EventRounds "7"]
[EventType "team-swiss"]
[EventDate "2021.06.23"]

1. e4 {[%clk 01:30:58]} {[%emt 00:00:01]} c5 {[%clk 01:30:53]} {[%emt
00:00:08]} 2. Nf3 {[%clk 01:31:24]} {[%emt 00:00:06]} Nc6 {[%clk 01:31:20]}
{[%emt 00:00:02]} 3. d4 {[%clk 01:31:49]} {[%emt 00:00:05]} cxd4 {[%clk
01:31:47]} {[%emt 00:00:03]} 4. Nxd4 {[%clk 01:32:15]} {[%emt 00:00:04]} Qb6
{[%clk 01:32:14]} {[%emt 00:00:03]} 5. Nxc6 {[%clk 01:26:38]} {[%emt 00:06:07]}
bxc6 {[%clk 01:32:14]} {[%emt 00:00:30]} 6. c4 {[%clk 01:20:01]} {[%emt
00:07:06]} e6 {[%clk 01:25:40]} {[%emt 00:07:04]} 7. Be2 {[%clk 01:15:30]}
{[%emt 00:05:02]} Bc5 {[%clk 01:22:44]} {[%emt 00:03:27]} 8. O-O {[%clk
01:14:05]} {[%emt 00:01:54]} Nf6 {[%clk 01:15:14]} {[%emt 00:08:00]} 9. Qc2
{[%clk 01:08:44]} {[%emt 00:05:51]} d5 {[%clk 01:12:11]} {[%emt 00:03:33]} 10.
exd5 {[%clk 01:06:43]} {[%emt 00:02:30]} cxd5 {[%clk 01:08:01]} {[%emt
00:04:40]} 11. cxd5 {[%clk 01:03:10]} {[%emt 00:04:04]} Nxd5 {[%clk 01:01:07]}
{[%emt 00:07:23]} 12. Nc3 {[%clk 00:57:40]} {[%emt 00:06:01]} Nxc3 {[%clk
00:55:40]} {[%emt 00:05:57]} 13. Qxc3 {[%clk 00:54:40]} {[%emt 00:03:30]} O-O
{[%clk 00:55:22]} {[%emt 00:00:49]} 14. Be3 {[%clk 00:49:04]} {[%emt 00:06:05]}
Bxe3 {[%clk 00:53:59]} {[%emt 00:01:53]} 15. fxe3 {[%clk 00:49:25]} {[%emt
00:00:09]} Bb7 {[%clk 00:52:37]} {[%emt 00:01:52]} 16. Bf3 {[%clk 00:48:01]}
{[%emt 00:01:54]} Rac8 {[%clk 00:48:02]} {[%emt 00:05:04]} 17. Qd2 {[%clk
00:44:35]} {[%emt 00:03:55]} Rfd8 {[%clk 00:39:40]} {[%emt 00:08:54]} 18. Qf2
{[%clk 00:42:20]} {[%emt 00:02:45]} Rd7 {[%clk 00:35:23]} {[%emt 00:04:47]} 19.
Bxb7 {[%clk 00:40:31]} {[%emt 00:02:19]} Qxb7 {[%clk 00:35:39]} {[%emt
00:00:14]} 20. Rac1 {[%clk 00:35:51]} {[%emt 00:05:10]} Rcd8 {[%clk 00:35:03]}
{[%emt 00:01:06]} 21. Rc2 {[%clk 00:34:11]} {[%emt 00:02:10]} h6 {[%clk
00:31:45]} {[%emt 00:03:48]} 22. h3 {[%clk 00:31:46]} {[%emt 00:02:55]} Qb8
{[%clk 00:27:11]} {[%emt 00:05:04]} 23. Qf3 {[%clk 00:29:45]} {[%emt 00:02:30]}
Qb7 {[%clk 00:24:07]} {[%emt 00:03:35]} 24. Qxb7 {[%clk 00:28:35]} {[%emt
00:01:40]} Rxb7 {[%clk 00:24:32]} {[%emt 00:00:04]} 25. b3 {[%clk 00:28:26]}
{[%emt 00:00:40]} Rd3 {[%clk 00:22:20]} {[%emt 00:02:42]} 26. Kf2 {[%clk
00:27:46]} {[%emt 00:01:10]} Rbd7 {[%clk 00:21:08]} {[%emt 00:01:42]} 27. Ke2
{[%clk 00:27:55]} {[%emt 00:00:21]} f6 {[%clk 00:20:34]} {[%emt 00:01:04]} 28.
Rfc1 {[%clk 00:27:12]} {[%emt 00:01:13]} e5 {[%clk 00:17:00]} {[%emt 00:04:04]}
29. Rc8+ {[%clk 00:24:40]} {[%emt 00:03:03]} Kh7 {[%clk 00:16:54]} {[%emt
00:00:36]} 30. R1c2 {[%clk 00:23:51]} {[%emt 00:01:19]} Kg6 {[%clk 00:15:03]}
{[%emt 00:02:20]} 31. R8c4 {[%clk 00:20:30]} {[%emt 00:03:52]} h5 {[%clk
00:13:01]} {[%emt 00:02:32]} 32. Ra4 {[%clk 00:14:50]} {[%emt 00:06:10]} Rd1
{[%clk 00:08:52]} {[%emt 00:04:39]} 33. Rac4 {[%clk 00:10:52]} {[%emt
00:04:28]} Kg5 {[%clk 00:08:04]} {[%emt 00:01:19]} 34. Rc5 {[%clk 00:08:53]}
{[%emt 00:02:28]} Kh4 {[%clk 00:07:10]} {[%emt 00:01:25]} 35. Kf2 {[%clk
00:06:17]} {[%emt 00:03:05]} R7d2+ {[%clk 00:06:37]} {[%emt 00:01:02]} 36. Kf3
{[%clk 00:05:47]} {[%emt 00:01:01]} Rf1+ {[%clk 00:07:03]} {[%emt 00:00:04]}
37. Ke4 {[%clk 00:06:00]} {[%emt 00:00:16]} Rff2 {[%clk 00:07:01]} {[%emt
00:00:32]} 38. Rxd2 {[%clk 00:05:29]} {[%emt 00:01:02]} Rxd2 {[%clk 00:07:26]}
{[%emt 00:00:06]} 39. Kf3 {[%clk 00:03:36]} {[%emt 00:02:22]} Rxa2 {[%clk
00:07:51]} {[%emt 00:00:05]} 40. Rc7 {[%clk 00:03:02]} {[%emt 00:01:04]} g6
{[%clk 00:06:46]} {[%emt 00:01:35]} 41. Rc6 {[%clk 00:00:40]} {[%emt 00:02:51]}
Ra1 {[%clk 00:05:08]} {[%emt 00:02:08]} 42. Kf2 {[%clk 00:30:03]} {[%emt
00:01:07]} Kg5 {[%clk 00:33:46]} {[%emt 00:01:52]} 43. Rc2 {[%clk 00:29:24]}
{[%emt 00:01:09]} e4 {[%clk 00:32:21]} {[%emt 00:01:56]} 44. Kg3 {[%clk
00:28:18]} {[%emt 00:01:36]} a5 {[%clk 00:29:44]} {[%emt 00:03:07]} 45. Rc5+
{[%clk 00:27:11]} {[%emt 00:01:37]} f5 {[%clk 00:29:54]} {[%emt 00:00:20]} 46.
Rc2 {[%clk 00:27:19]} {[%emt 00:00:22]} Ra3 {[%clk 00:28:25]} {[%emt 00:01:59]}
47. Rb2 {[%clk 00:26:13]} {[%emt 00:01:36]} a4 {[%clk 00:27:25]} {[%emt
00:01:30]} 48. bxa4 {[%clk 00:26:21]} {[%emt 00:00:21]} Rxe3+ {[%clk 00:27:49]}
{[%emt 00:00:07]} 49. Kf2 {[%clk 00:26:28]} {[%emt 00:00:23]} Ra3 {[%clk
00:28:09]} {[%emt 00:00:10]} 50. Rb4 {[%clk 00:26:37]} {[%emt 00:00:21]} h4
{[%clk 00:28:12]} {[%emt 00:00:27]} 51. Rd4 {[%clk 00:25:34]} {[%emt 00:01:33]}
Kf4 {[%clk 00:27:57]} {[%emt 00:00:45]} 52. Rb4 {[%clk 00:25:10]} {[%emt
00:00:53]} Ra2+ {[%clk 00:27:14]} {[%emt 00:01:13]} 53. Kf1 {[%clk 00:24:31]}
{[%emt 00:01:10]} g5 {[%clk 00:24:59]} {[%emt 00:02:46]} 54. Rb3 {[%clk
00:22:07]} {[%emt 00:02:53]} Rxa4 {[%clk 00:25:09]} {[%emt 00:00:20]} 55. Rb2
{[%clk 00:22:15]} {[%emt 00:00:21]} e3 {[%clk 00:23:51]} {[%emt 00:01:49]} 56.
Ke2 {[%clk 00:22:01]} {[%emt 00:00:45]} Rd4 {[%clk 00:23:28]} {[%emt 00:00:52]}
57. Ke1 {[%clk 00:21:35]} {[%emt 00:00:55]} Rd2 {[%clk 00:22:53]} {[%emt
00:01:05]} 58. Rb3 {[%clk 00:21:04]} {[%emt 00:01:02]} Rxg2 {[%clk 00:23:07]}
{[%emt 00:00:15]} 59. Kf1 {[%clk 00:20:47]} {[%emt 00:00:47]} Rf2+ {[%clk
00:22:19]} {[%emt 00:01:19]} 60. Kg1 {[%clk 00:20:47]} {[%emt 00:00:30]} Kf3
{[%clk 00:22:21]} {[%emt 00:00:28]} 61. Rb1 {[%clk 00:20:13]} {[%emt 00:01:03]}
Kg3 {[%emt 00:01:40]} 62. Rb3 {[%clk 00:20:04]} f4 {[%clk 00:22:15]} {[%emt
00:00:06]} 63. Rb5 {[%clk 00:20:20]} {[%emt 00:00:14]} Rg2+ {[%clk 00:22:17]}
{[%emt 00:00:28]} 64. Kh1 {[%clk 00:19:57]} {[%emt 00:00:53]} Kf2 {[%clk
00:22:16]} {[%emt 00:00:31]} 65. Rb2+ {[%clk 00:19:56]} {[%emt 00:00:30]} e2
{[%clk 00:22:41]} {[%emt 00:00:04]} 66. Rxe2+ {[%clk 00:20:05]} {[%emt
00:00:22]} Kxe2 {[%clk 00:23:06]} {[%emt 00:00:06]} 67. Kxg2 {[%clk 00:20:29]}
{[%emt 00:00:06]} f3 {[%clk 00:23:29]} {[%emt 00:00:07]} 68. Kg1 {[%clk
00:20:40]} {[%emt 00:00:19]} f2+ {[%clk 00:23:54]} {[%emt 00:00:05]} 69. Kh2
{[%clk 00:20:59]} {[%emt 00:00:11]} g4 {[%clk 00:24:20]} {[%emt 00:00:04]} 70.
Kh1 {[%clk 00:21:02]} {[%emt 00:00:27]} f1=Q+ {[%emt 00:00:08]} 71. Kh2 {[%emt
00:00:10]} g3 {[%clk 00:23:47]} {[%emt 00:00:03]} 0-1

[Event "DVM U20w 2020"]
[Site "Willingen GER"]
[Date "2021.06.26"]
[Round "5"]
[White "Pflugradt, Natalie"]
[Black "Visvikis, Kassandra"]
[Result "0-1"]
[Termination "normal"]
[Board "3.4"]
[WhiteElo "1539"]
[BlackElo "1610"]
[WhiteClock "00:03:19"]
[BlackClock "00:13:26"]
[WhiteTeam "Erfurter Schachklub"]
[BlackTeam "OSG Baden-Baden"]
[PlyCount "88"]
[WhiteFideId "16212444"]
[BlackFideId "36052167"]
[EventCountry "GER"]
[EventRounds "7"]
[EventType "team-swiss"]
[EventDate "2021.06.23"]

1. e4 {[%emt 0:00:03]} e5 {[%emt 0:00:05]} 2. Nf3 {[%emt 0:00:07]} Nc6 { [%emt
0:00:03]} 3. Bc4 {[%emt 0:00:06]} Bc5 {[%emt 0:00:04]} 4. c3 {[%emt 0:00: 09]}
Nf6 {[%emt 0:00:04]} 5. d3 {[%emt 0:00:17]} d6 {[%emt 0:00:30]} 6. h3 { [%emt
0:00:11]} h6 {[%emt 0:00:06]} 7. Nbd2 {[%emt 0:00:36]} a6 {[%emt 0:00:46] } 8.
Bb3 {[%emt 0:00:18]} Ba7 {[%emt 0:00:24]} 9. Nf1 {[%emt 0:00:35]} Ne7 { [%emt
0:00:37]} 10. Ng3 {[%emt 0:00:42]} Ng6 {[%emt 0:00:15]} 11. O-O {[%emt 0:
01:32]} O-O {[%emt 0:02:27]} 12. Be3 {[%emt 0:03:54]} Be6 {[%emt 0:02:57]} 13.
Bc2 {[%emt 0:02:06]} Qc8 {[%emt 0:01:50]} 14. Kh2 {[%emt 0:04:24]} Nh7 { [%emt
0:05:53]} 15. Qd2 {[%emt 0:03:17]} f6 {[%emt 0:07:16]} 16. d4 {[%emt 0: 04:52]}
Ng5 {[%emt 0:08:01]} 17. Ng1 {[%emt 0:07:35]} Nh4 {[%emt 0:12:09]} 18. f4
{[%emt 0:03:18]} exf4 {[%emt 0:04:59]} 19. Rxf4 {[%emt 0:03:47]} Ng6 { [%emt
0:00:07]} 20. Rff1 {[%emt 0:00:32]} Bf7 {[%emt 0:07:27]} 21. Nf5 { [%emt
0:05:08]} Re8 {[%emt 0:04:45]} 22. Bxg5 {[%emt 0:09:32]} hxg5 {[%emt 0: 02:20]}
23. Nf3 {[%emt 0:02:54]} Ne7 {[%emt 0:02:42]} 24. Nxe7+ {[%emt 0:01:18] } Rxe7
{[%emt 0:00:05]} 25. e5 {[%emt 0:02:26]} dxe5 {[%emt 0:02:57]} 26. dxe5 {[%emt
0:00:51]} g4 {[%emt 0:00:05]} 27. exf6 {[%emt 0:06:48]} Re6 {[%emt 0:03: 36]}
28. Bf5 {[%emt 0:07:28]} gxf3 {[%emt 0:02:10]} 29. Bxe6 {[%emt 0:01:15]} Qxe6
{[%emt 0:00:04]} 30. Rxf3 {[%emt 0:00:21]} Qe5+ {[%emt 0:01:14]} 31. Qf4 {
[%emt 0:06:34]} Qxf4+ {[%emt 0:00:38]} 32. Rxf4 g6 {[%emt 0:00:09]} 33. c4 {
[%emt 0:03:28]} Re8 {[%emt 0:00:26]} 34. b3 {[%emt 0:01:06]} Bc5 {[%emt 0:00:
37]} 35. Rff1 {[%emt 0:01:42]} Re6 {[%emt 0:01:49]} 36. Rad1 {[%emt 0:01:12]}
Bd6+ {[%emt 0:02:47]} 37. Kh1 {[%emt 0:00:32]} Be8 {[%emt 0:00:12]} 38. Rde1 {
[%emt 0:02:26]} Rxe1 {[%emt 0:02:43]} 39. Rxe1 {[%emt 0:00:08]} Kf7 {[%emt 0:
00:03]} 40. Kg1 {[%emt 0:01:33]} Bd7 {[%emt 0:01:00]} 41. Kf2 {[%emt 0:01:20]}
Kxf6 {[%emt 0:00:58]} 42. Re2 {[%emt 0:03:49]} Bb4 {[%emt 0:05:27]} 43. Ke3 {
[%emt 0:08:03]} Bf5 {[%emt 0:05:56]} 44. g4 {[%emt 0:00:47]} Bd7 {[%emt 0:00:
29] normal} 0-1